Implementation of internet measurement tools (traceroute/reverse traceroute) for better understanding of internet topologies & improved performance (Record no. 11277)
[ view plain ]
| 000 -LEADER | |
|---|---|
| fixed length control field | 00713 a2200181 4500 |
| 003 - CONTROL NUMBER IDENTIFIER | |
| control field | NUST |
| 038 ## - RECORD CONTENT LICENSOR | |
| Staff Name | a |
| 082 ## - DEWEY DECIMAL CLASSIFICATION NUMBER | |
| Classification number | BEE-5 |
| 100 ## - MAIN ENTRY--PERSONAL NAME | |
| Personal name | Syed Asadullah Hussain |
| 9 (RLIN) | 92176 |
| 245 ## - TITLE STATEMENT | |
| Title | Implementation of internet measurement tools (traceroute/reverse traceroute) for better understanding of internet topologies & improved performance |
| Statement of responsibility, etc. | Syed Asadullah Hussain |
| 260 ## - PUBLICATION, DISTRIBUTION, ETC. | |
| Place of publication, distribution, etc. | Islamabad |
| Name of publisher, distributor, etc. | NUST School of Electrical Engineering and Computer Science |
| Date of publication, distribution, etc. | 2012 |
| 300 ## - PHYSICAL DESCRIPTION | |
| Extent | 57p. |
| Other physical details | :ill. |
| Dimensions | :27cm.+ |
| Accompanying material | CD-ROM |
| 500 ## - GENERAL NOTE | |
| General note | Supervisors: Dr. Junaid Qadir, Dr. Adeel Baig |
| 563 ## - BINDING INFORMATION | |
| Binding note | a |
| 700 ## - ADDED ENTRY--PERSONAL NAME | |
| Personal name | Muhammad Faizan Khalid |
| 9 (RLIN) | 92177 |
| 856 ## - ELECTRONIC LOCATION AND ACCESS | |
| Uniform Resource Identifier | <a href="http://10.250.8.41:8080/xmlui/handle/123456789/10807">http://10.250.8.41:8080/xmlui/handle/123456789/10807</a> |
| 942 ## - ADDED ENTRY ELEMENTS (KOHA) | |
| Koha item type | Project Report |
| Call number prefix | BEE-5 ASA |
| Source of classification or shelving scheme | |
| Withdrawn status | Lost status | Source of classification or shelving scheme | Damaged status | Not for loan | Permanent Location | Current Location | Date acquired | Full call number | Barcode | Date last seen | Price effective from | Koha item type |
|---|---|---|---|---|---|---|---|---|---|---|---|---|
| WITHDRAWN | Central Library (CL) | Central Library (CL) | 07/02/2022 | BEE-5 ASA | SEECSP01085 | 11/14/2012 | 11/14/2012 | Project Report |
